Score 0/7 Timer 01:00
3 Plays Today
Country % Correct
South Sudan
95.1%
Egypt
95%
Ethiopia
88.2%
Chad
87.9%
Libya
84%
Eritrea
77.9%
Central African Republic
70.7%

You're not logged in!

Compare scores with friends on all Sporcle quizzes.
OR
Log In

Sporcle TV

Today on Sporcle TV


Watch our educational content, quiz creation guides, and fun videos on Sporcle TV.

Show Comments

Extras

Top Quizzes Today


Score Distribution

Paid Content

Your Account Isn't Verified!

In order to create a playlist on Sporcle, you need to verify the email address you used during registration. Go to your Sporcle Settings to finish the process.

Report this User

Report this user for behavior that violates our Community Guidelines.

Details: